000 00285nam a2200109Ia 4500
008 190914s9999||||xx |||||||||||||| ||und||
100 _aPhilip Rowland
245 4 _aThe Essence of Business Process Re- Engineering
260 _aKarachi
_bThomson South
_c2017
300 _a344
942 _cBK
999 _c9471
_d9471